Регионална библиотека "Любен Каравелов" - Русе

Кадрил (Запис номер 43607)

MARC детайли
000 -Лидер
Контролно поле с фиксирана дължина 01242nam a2200313 c 4500
003 - Код на организацията, давaща контролен номер
Контролно поле BLK
005 - Дата и час на последна редакция
Контролно поле 20180422100937.0
008 - Елементи от данни с фиксирана дължина
fixed length control field 180408b bul|||||r ||||||| ||bul||
010 ## - Наследен системен номер
LC control number KNG00047351000
020 ## - Международен стандартен номер на книга ISBN
Международен стандартен номер на книга ISBN 954-9606-86-4
-- издат.: Кънчев и сие
040 ## - Източник на каталожния запис
Идентификатор на билиотеката - собственик на записа BLK
041 ## - Код за език
Код за езика на текст/звукозапис или на отделно заглавие Български
Код за езика КДБФ Български
080 ## - УДК
Текстов определител УДК Българска литература
УДК код - определител по УДК 821.163.2
УДК определител -191
УДК - код + определител 821.163.2-191
100 1# - Редна дума - Автор
Автор Бачев, Стоян Димитров
Авторска отговорност първи автор
R(LIN) 278803
139 ## - Редно поле
Редна дума Бачев, Стоян Димитров
Авторски знак Бах - Б 30
245 10 - Сведения за заглавието
Заглавие Кадрил
Подзаглавни данни Супер басни за явления опасни, но за всяка възраст ясни
Редно поле (дума) Стоян Димитров Бачев; ил. Борис Илиев Димовски.
257 ## - Страна на издаване
Страна на създаване/издаване България
260 ## - Област на издателските данни
-- София
Име на издателя, разпространителя и проч. Кънчев и сие
Година на издаване 2000
Печатница София : Звездан
300 ## - Физическа характеристика
Страници 63 с. 7 с ил.
Размери/Мащаб 20 см
380 ## - Жанр
Жанр Худож. лит.
500 ## - Общи забележки
Забележка Офс. изд. - Съдържа и За автора.
653 ## - Ключова дума – ненормативна
Ключова дума басни
700 1# - Други автори (авторска отговорност)
Лично име Димовски, Борис Илиев
Автороска отговорност (Описва отношението между автора и произведението) ил.
9 (RLIN) 363792
852 ## - Местоположение
Форматна сигнатура Цб 210036
856 4# - Електронен адрес и достъп
Електронен формат pdf - файл
Път до файла /url/
856 4# - Електронен адрес и достъп
Електронен формат pdf - файл
Път до файла /url/
942 ## - АРТИКУЛИ
Вид на библиотечния материал Книги
Скрит в OPAC Не
944 ## - СЪЗДАВАНЕ И РЕДАКЦИЯ на ЗАПИСА
Създаване/Редакция Създаване
Дата на регистрацията/редакция 01.01.2000
Служител, извършил регистрацията/редакцията Людмила_Стоянова
944 ## - СЪЗДАВАНЕ И РЕДАКЦИЯ на ЗАПИСА
Създаване/Редакция Редакция
Дата на регистрацията/редакция 13.12.2004
Служител, извършил регистрацията/редакцията
999 ## - СИСТЕМНИ КОНТРОЛНИ НОМЕРА
Koha biblionumber 43607
Koha biblioitemnumber 43607
Наличности
Код за отписване Код за изгубен артикул Източник на класификационната схема Код за повреда Коз за рестрикции Код за отдаване Артикулен № Име на библиотеката - собственик Име на библиотеката, в която се намира в момента Статус (Текущо местоположение) Дата на вписване в системата Местоположение - отдел Цена в лева Инвентарен номер Систематично азбучна сигнатура Баркод Номер на екземпляра Цена в евро Служебна бележка Служебен тип на артикула
  Не е изгубен Universal Decimal Classification Не е повреден без рестрикции ползва се в читалня 68466 Регионална библиотека "Любен Каравелов" Русе Регионална библиотека "Любен Каравелов" Русе Хранилище 2001-01-01 Хранилище 3.00 667623 Цб 210036 120000667623 1 1.53 Дост: Dp Вид: Д N: 35 Дата: 01.01.2001 Книги
Vip Innovations Ltd, Rousse, Bulgaria 2025